000 00677nam a2200205 a 4500
008 110916s1990 ag # f |||| 001 0 spa d
020 _aS/N
041 _aspa
092 _c174
_l51
_sMAI
100 1 _aMainetti, José A.
_91526
245 _aBioética Fundamental.
_bLa crísis Bio-ética /
_cJosé A. Mainetti
250 _a1a ed.
260 _aLa Plata [Buenos Aires ; Argentina]:
_bQuirón;
_c1990.
300 _a83 p.
500 _aMainetti, J. A. (1990). Bioética fundamental. La crisis bio-ética. (1a ed.). Buenos Aires : Quirón.
653 _aCatástrofe ecológica
653 _aRevolución biológica
653 _aMedicalización de la vida
942 _2ddc
_cBK
999 _c995
_d995